[Event "Stay Safe Play From Home 142"]
[Site "T#645977Emanuel Laske"]
[Date "2020.05.12"]
[Round "7"]
[White "matanant"]
[Black "Tobo Rubirosa"]
[Result "1/2-1/2"]
[WhiteElo "1568"]
[BlackElo "1400"]
[Annotator "NA RC"]
[PlyCount "113"]
[EventDate "2020.05.12"]
[EventType "swiss (blitz)"]

1. b3 {[%emt 0:00:01]} d5 {[%emt 0:00:04]} 2. Bb2 {[%emt 0:00:00]} Bg4 {[%emt 0:00:01]} 3. e3 {[%emt 0:00:00]} Bxd1 {[%emt 0:00:02]} 4. Kxd1 {[%emt 0:00:00]} e5 {[%emt 0:00:01]} 5. f3 {[%emt 0:00:02]} Nf6 {[%emt 0:00:01]} 6. d4 {[%emt 0:00:01]} exd4 {[%emt 0:00:03]} 7. exd4 {[%emt 0:00:01]} Bb4 {[%emt 0:00:01]} 8. Bd3 {[%emt 0:00:00]} O-O {[%emt 0:00:01]} 9. c3 {[%emt 0:00:00]} Bd6 {[%emt 0:00:02]} 10. Kc2 {[%emt 0:00:00]} c5 {[%emt 0:00:01]} 11. Ne2 {[%emt 0:00:04]} cxd4 {[%emt 0:00:01]} 12. Nxd4 {[%emt 0:00:01]} Nc6 {[%emt 0:00:00]} 13. Ne2 {[%emt 0:00:02]} Rc8 {[%emt 0:00:01]} 14. Nd2 {[%emt 0:00:03]} d4 {[%emt 0:00:01]} 15. c4 {[%emt 0:00:02]} Nb4+ {[%emt 0:00:01]} 16. Kb1 {[%emt 0:00:03]} Nxd3 {[%emt 0:00:00]} 17. a4 {[%emt 0:00:04]} Nxb2 {[%emt 0:00:02]} 18. Kxb2 {[%emt 0:00:01]} d3 {[%emt 0:00:01]} 19. Nc3 {[%emt 0:00:02]} Be5 {[%emt 0:00:01]} 20. Rac1 {[%emt 0:00:03]} Bxc3+ {[%emt 0:00:02]} 21. Rxc3 {[%emt 0:00:00]} a6 {[%emt 0:00:04]} 22. Rd1 {[%emt 0:00:00]} b5 {[%emt 0:00:01]} 23. axb5 {[%emt 0:00:02]} axb5 {[%emt 0:00:01]} 24. c5 {[%emt 0:00:04]} Qd4 {[%emt 0:00:03]} 25. Ne4 {[%emt 0:00:03]} Nxe4 {[%emt 0:00:02]} 26. Rdxd3 {[%emt 0:00:04]} Qxc3+ {[%emt 0:00:02]} 27. Rxc3 {[%emt 0:00:01]} Nxc3 {[%emt 0:00:01]} 28. Kxc3 {[%emt 0:00:00]} Rxc5+ {[%emt 0:00:01]} 29. Kb4 {[%emt 0:00:00]} Rd8 {[%emt 0:00:01]} 30. g3 {[%emt 0:00:02]} Rdd5 {[%emt 0:00:02]} 31. f4 {[%emt 0:00:00]} Rc1 {[%emt 0:00:02]} 32. Ka5 {[%emt 0:00:01]} Rh1 {[%emt 0:00:00]} 33. b4 {[%emt 0:00:00]} Rxh2 {[%emt 0:00:02]} 34. Kb6 {[%emt 0:00:00]} Rh3 {[%emt 0:00:00]} 35. Kc6 {[%emt 0:00:00]} Rxg3 {[%emt 0:00:01]} 36. Kxd5 {[%emt 0:00:01]} Rf3 {[%emt 0:00:00]} 37. Ke4 {[%emt 0:00:00]} Rxf4+ {[%emt 0:00:01]} 38. Kxf4 {[%emt 0:00:01]} g6 {[%emt 0:00:00]} 39. Kg5 {[%emt 0:00:01]} Kg7 {[%emt 0:00:00]} 40. Kf4 {[%emt 0:00:00]} f6 {[%emt 0:00:00]} 41. Ke4 {[%emt 0:00:00]} h5 {[%emt 0:00:00]} 42. Kd4 {[%emt 0:00:00]} h4 {[%emt 0:00:01]} 43. Kc5 {[%emt 0:00:01]} h3 {[%emt 0:00:00]} 44. Kxb5 {[%emt 0:00:00]} h2 {[%emt 0:00:00]} 45. Ka6 {[%emt 0:00:00]} h1=Q {[%emt 0:00:00]} 46. b5 {[%emt 0:00:00]} Qb1 {[%emt 0:00:01]} 47. b6 {[%emt 0:00:00]} Qxb6+ {[%emt 0:00:02]} 48. Kxb6 {[%emt 0:00:01]} g5 {[%emt 0:00:00]} 49. Kc5 {[%emt 0:00:00]} g4 {[%emt 0:00:00]} 50. Kd4 {[%emt 0:00:00]} Kg6 {[%emt 0:00:00]} 51. Ke3 {[%emt 0:00:00]} Kg5 {[%emt 0:00:00]} 52. Kf2 {[%emt 0:00:00]} f5 {[%emt 0:00:00]} 53. Kg3 {[%emt 0:00:00]} f4+ {[%emt 0:00:00]} 54. Kg2 {[%emt 0:00:00]} g3 {[%emt 0:00:01]} 55. Kg1 {[%emt 0:00:00]} Kf5 {[%emt 0:00:00]} 56. Kg2 {[%emt 0:00:00]} Kg4 {[%emt 0:00:00]} 57. Kg1 {[%emt 0:00:01] (Lag: Av=1.26s, max=1.9s)} 1/2-1/2

[Event "Stay Safe Play From Home 142"]
[Site "T#645977Emanuel Laske"]
[Date "2020.05.12"]
[Round "7"]
[White "Nagaram"]
[Black "Little champs"]
[Result "0-1"]
[WhiteElo "1490"]
[BlackElo "2169"]
[Annotator "TA"]
[PlyCount "80"]
[EventDate "2020.05.12"]
[EventType "swiss (blitz)"]

{[%evp 11,79,-4,0,-37,0,0,6,-9,-14,-75,-60,-64,-51,-61,-49,-123,-59,-74,-67,-112,-103,-114,0,-112,-111,-149,-89,-121,-118,-258,-124,-350,-156,-284,-174,-364,-365,-449,-432,-786,-791,-765,-756,-1128,-453,-776,-607,-714,-729,-727,-682,-1380,-938,-2185,-777,-1577,-619,-580,-514,-29995,-29996,-29996,-29997,-29997,-29997,-29999,-29998,-29998,-29999,-29999]} 1. e4 e6 2. Nf3 d5 3. exd5 exd5 4. d4 Nf6 5. c4 Be7 6. Nc3 O-O {[#]} 7. Bd2 $146 {C01: French: Exchange Variation.} ({Predecessor:} 7. Be2 dxc4 8. Bxc4 Nbd7 9. O-O Nb6 10. Bb3 Nfd5 11. Re1 c6 12. Ne5 Re8 13. Ne4 Be6 14. Bd2 Nc7 15. Nc5 Bxc5 16. dxc5 {½-½ (27) Miezis,N (2495)-Alekseev,E (2645) Riga 2019}) 7... dxc4 8. Bxc4 Bg4 9. Be2 {The position is equal.} Nc6 10. O-O (10. Be3 $11) 10... Bxf3 11. Bxf3 Nxd4 12. Bxb7 Rb8 13. Bf3 (13. Be3 $15) 13... Rxb2 ({Black should try} 13... Nxf3+ $17 14. gxf3 Qd3) 14. Be3 $15 c5 $36 {[%mdl 2048] Black is more active.} 15. Rb1 Rxb1 16. Nxb1 Nd5 ({Better is} 16... Nxf3+ $17 17. Qxf3 Qa5) 17. Bxd5 (17. Bxd4 $11 {remains equal.} cxd4 18. Qxd4 {[%mdl 64] Double Attack}) 17... Qxd5 $17 {Black converts the advantage convincingly.} 18. Nc3 Qd7 (18... Qc4 $142 19. Re1 Bd8) 19. Bxd4 cxd4 20. Ne2 (20. Qd3 $17 {was worth a try.}) 20... Bf6 (20... d3 $19 {...Rd8 is the strong threat.} 21. Qd2 Rd8) 21. Kh1 $2 (21. Nf4 $17) 21... Rd8 (21... d3 $19 {has better winning chances.} 22. Ng3 d2) 22. Ng3 (22. Qd3 $17) 22... h6 23. f3 $2 (23. Qd3 {was necessary.}) 23... d3 $19 24. Rf2 Qd5 25. Rd2 (25. Ne4 $142 Be5 26. Qd2) 25... Bc3 26. Rf2 f5 27. Nf1 d2 (27... Qd4 $142 28. Rd2 Bxd2 29. Nxd2 Re8) 28. f4 (28. a4 $142) 28... Qd3 29. Rf3 Qd4 30. h3 a5 31. g4 a4 {And now ...Re8 would win.} 32. gxf5 a3 (32... Re8 $142 33. Nxd2 Bxd2) 33. Rg3 Qd5+ (33... Re8 $142 34. Nxd2 Bxd2) 34. Kh2 Bb2 35. Qc1 {[#]} (35. Rg2 $19 Qxa2 36. Rxd2 Rxd2+ 37. Nxd2) 35... dxc1=Q {Black mates.} 36. Rxg7+ Bxg7 37. f6 Qc2+ 38. Kg1 {[#]} Qd4+ $1 39. Kh1 Qde4+ 40. Kg1 Qeg2# {Accuracy: White = 15%, Black = 33%.} 0-1

[Event "Stay Safe Play From Home 142"]
[Site "T#645977Emanuel Laske"]
[Date "2020.05.12"]
[Round "8"]
[White "Little champs"]
[Black "Weltszmerc"]
[Result "0-1"]
[WhiteElo "2169"]
[BlackElo "2060"]
[Annotator "TA"]
[PlyCount "56"]
[EventDate "2020.05.12"]
[EventType "swiss (blitz)"]

{[%evp 9,55,0,7,-67,0,-26,37,35,29,33,22,27,52,32,52,0,34,27,35,26,52,36,46,-70,-66,-55,-52,-320,-336,-763,-646,-642,-251,-29985,-29986,-29986,-29980,-29980,-29981,-29992,-1047,-29995,-29996,-29997,-29998,-29998,-29999,-29999]} 1. d4 Nf6 2. e3 b6 3. Nf3 Bb7 4. Be2 e6 5. O-O Be7 6. b4 {A47: 1 d4 Nf6 2 Nf3 b6: Torre, London and Colle Systems.} (6. c4 $11) 6... O-O (6... Bxb4 $15 7. c4 O-O) 7. a3 {[#]} a5 $146 (7... c5 $11) ({Predecessor:} 7... d6 8. Bb2 Nbd7 9. Nbd2 c5 10. c3 d5 11. dxc5 bxc5 12. bxc5 Nxc5 13. c4 Qa5 14. cxd5 Bxd5 {½-½ (14) Hattinger,W (1715)-Wingender,H (1894) Schwarzach 1997}) 8. b5 $14 {White is slightly better.} Ne4 9. c4 f5 10. Bb2 d5 11. Nbd2 Nd7 12. Nxe4 (12. cxd5 $14 Bxd5 13. Bc4) 12... fxe4 13. Ne5 Nxe5 14. dxe5 Bc5 15. Bd4 Qe7 16. Qc2 (16. a4 $14) 16... Bxa3 $15 17. cxd5 Bxd5 18. Rxa3 $4 {[%mdl 8192] Now White is beyond hope.} (18. Bc4 $15) 18... Qxa3 $19 19. Qxc7 $2 (19. Ra1 Qb4 20. Qc1) 19... Rac8 20. Qxb6 Rc2 $2 (20... Qa2 21. Bc5 Rb8) 21. Bg4 $2 {[#]} (21. h3 $19) 21... Rcxf2 $1 {[%csl Gf8][%cal Rf2f1][%mdl 512]} 22. Bxe6+ (22. Rxf2 Qc1+) 22... Bxe6 23. Qxe6+ Kh8 {[%csl Gf8][%cal Rf2f1]} 24. Re1 Qb4 (24... Qd3 $142 25. Qf6 R8xf6 26. exf6 {[#]} Qd2 $1 {[%mdl 512]} 27. fxg7+ Kg8 $1 {[%mdl 512]} 28. h3 Rxg2+ 29. Kh1 Rh2+ {[%mdl 64] Double Attack} 30. Kg1 Qg2#) 25. Rd1 {[#]} Qd2 $1 {[%cal Rd2d1][%mdl 512] Black mates.} 26. Qg4 {[#]} (26. Rxd2 Rf1#) 26... Rxg2+ $1 {[%mdl 576] Double Attack} 27. Kh1 (27. Qxg2 Qxd1+) 27... Rxh2+ 28. Kg1 Qf2# {Accuracy: White = 37%, Black = 50%.} 0-1

[Event "Stay Safe Play From Home 142"]
[Site "T#645977Emanuel Laske"]
[Date "2020.05.12"]
[Round "8"]
[White "SoulofWolf"]
[Black "Mepe_Nika"]
[Result "0-1"]
[WhiteElo "2119"]
[BlackElo "2330"]
[Annotator "TA"]
[PlyCount "148"]
[EventDate "2020.05.12"]
[EventType "swiss (blitz)"]

{[%evp 9,148,-47,-47,-54,-44,-75,-64,-79,-73,-75,-75,-69,-70,-96,-97,-93,-100,-101,-97,-95,-89,-113,-106,-156,-156,-191,-187,-194,-192,-537,-65,-72,-70,-175,-141,-169,-116,-297,-283,-372,-158,-165,-166,-169,-166,-221,-260,-445,-443,-446,-427,-418,-401,-882,-284,-529,841,-265,-152,-259,471,-243,305,-336,-341,-383,-364,-370,-343,-1633,-983,-1113,-1111,-1056,-758,-543,-100,-1016,-1023,-710,-192,-422,-192,-166,-159,-150,0,0,0,-627,-656,-650,-531,-641,-633,-574,-547,-538,-524,-1127,-1010,-1245,-1226,-1445,-1288,-29975,-29977,-29985,-29986,-29989,-29980,-29983,-29984,-29984,-29985,-29985,-20,-20,0,0,0,0,0,0,0,0,0,0,0,0,0,0,0,-29991,-29992,-29992,-29993,-29995,-29994,-29995,-29995]} 1. c4 c6 2. b3 d5 3. Bb2 d4 {[#]} 4. e3 $146 ({Predecessor:} 4. Nf3 c5 5. b4 f6 6. bxc5 e5 7. e3 Nc6 8. exd4 exd4 9. Bd3 Qe7+ 10. Kf1 Bg4 11. h3 Bxf3 12. Qxf3 O-O-O 13. Na3 {1-0 (41) Georgiou,K (2242)-Papacharitonos,C (1830) Aghios Kirykos 2018}) 4... e5 5. exd4 exd4 6. d3 {A11: English Opening: 1...c6.} c5 7. Be2 Nc6 8. Nf3 {Black is slightly better.} Nf6 9. O-O Bd6 10. Nbd2 O-O 11. h3 Bf5 12. Re1 h6 13. Nf1 Re8 14. a3 Qc7 15. Bc1 Re7 16. Nh4 Bh7 17. g4 Rae8 18. Bd2 Ne5 19. Bf4 $2 (19. Nf5 Bxf5 20. gxf5) 19... Ng6 $2 (19... Nxd3 $19 20. Bxd6 Qxd6 21. Bxd3 Rxe1 22. Qxe1 Rxe1 23. Bxh7+ Nxh7 24. Rxe1 Ng5) 20. Bxd6 $15 Qxd6 21. Nxg6 (21. Nf5 $15 Qc6 22. Nxe7+ Rxe7 23. Nd2) 21... Bxg6 $19 ({Don't do} 21... fxg6 22. Ng3 $17) 22. Qd2 h5 (22... Re6 $19 23. Ng3 Qe7) 23. g5 $2 (23. Nh2 $17 {was worth a try.}) 23... Nh7 24. Bf3 {[#]} f6 (24... Nxg5 $1 $19 {[%mdl 512]} 25. Bg2 (25. Qxg5 Rxe1) 25... Rxe1 26. Rxe1 Rxe1 27. Qxe1 Qd7) 25. Rxe7 $17 Rxe7 26. gxf6 Qxf6 ({Much less strong is} 26... Nxf6 27. Rd1 $17) 27. Bg2 (27. Bd5+ $142 Kf8 28. Bg2) 27... Ng5 $19 28. Ng3 $2 (28. f4 Ne6 29. Re1) 28... h4 29. Ne4 Bxe4 (29... Nxe4 $2 30. dxe4 Bxe4 31. Re1 $19) 30. dxe4 Nxe4 31. Qc2 {[#]} (31. Bxe4 $142 Rxe4 32. Re1) 31... Ng5 $2 (31... d3 $1 {[%mdl 512]} 32. Qxd3 Qxa1+ {[%mdl 64] Double Attack} 33. Kh2 Qd4 $1 {[%mdl 512]}) 32. Rf1 $2 (32. Qd3) 32... Qe6 $4 {[%mdl 8192]} (32... Nf3+ $19 33. Bxf3 Qxf3) 33. Kh2 $4 {[%mdl 8192]} (33. Bd5 $1 $18) 33... Qe5+ ({Black should play} 33... Qd6+ $19 34. Kg1 Qf4 35. Bd5+ Kf8) 34. Kg1 (34. f4 $17 {was the only chance.} Qd6 35. Qf5) 34... Ne4 $4 {[%mdl 8192]} (34... Qf4 $19 {White must now prevent ...Nf3+.} 35. Qd1 Rf7) 35. f4 $4 {[%mdl 8192]} (35. Re1 $18 {was the only winning move.}) 35... Qf6 $4 {[%mdl 8192]} (35... Qf5 $1 $19 {and all is fine. ...Ng3! is the strong threat.} 36. Qe2 Re8) 36. Re1 $4 {[%mdl 8192]} (36. Bxe4 $18 {Hoping for b4.} Kf8 37. Kh1) 36... Ng3 37. Bd5+ Kh8 38. Rxe7 Qxe7 39. Qg2 $2 (39. Qf2) 39... Qe3+ 40. Kh2 d3 41. Qf3 Qxf3 42. Bxf3 {[%mdl 4096] Endgame KB-KN} Kg8 $2 (42... d2 $19 {aiming for ...Ne4!} 43. Kg2 Ne4 $1 {[%mdl 512]}) 43. Bd1 $2 {[%mdl 8192]} (43. Kg2 $17) 43... Kf7 44. Kg2 Kf6 $2 (44... Ne4 45. Bh5+ g6) 45. Kf3 $2 (45. Bg4 {is the only way for White.}) 45... Nf5 (45... Kf5 $142 46. b4 {[#]} Ne2 $1 {[%mdl 512]}) 46. Ke4 d2 47. Kd3 Nd4 (47... g5 $17 48. fxg5+ Kxg5) 48. Kxd2 $11 Kf5 49. Kd3 $2 {[%mdl 8192]} (49. Ke3 $11) 49... Kxf4 $19 50. b4 Kg3 51. bxc5 Ne6 52. Bg4 Nxc5+ 53. Kd4 b6 54. Kd5 g5 55. Kc6 Ne4 56. Kb7 Nf2 57. Kxa7 Nxg4 58. hxg4 {K3P-K3P} h3 59. c5 h2 60. c6 h1=Q 61. c7 Qc6 62. Kb8 Qxc7+ $2 (62... Kxg4 {mates} 63. Kc8 Kf5 64. a4 Ke6 65. Kb8 Kd7 66. c8=R Qxc8+ 67. Ka7 Kc7 68. a5 Qb7#) 63. Kxc7 $11 {KPP-KPP} b5 64. Kb6 Kxg4 65. Kxb5 {KP-KP} Kf5 (65... Kh4 $5 66. a4 $8 g4 $11) 66. a4 g4 67. a5 g3 {( -> ...g2)} 68. a6 g2 69. a7 g1=Q 70. a8=Q Qb1+ 71. Kc6 $2 {[%mdl 8192]} (71. Kc5 $11) 71... Qe4+ {Black mates.} 72. Kb6 Qxa8 73. Kc7 Qe4 74. Kd6 Qe5+ {Accuracy: White = 34%, Black = 56%.} 0-1

[Event "Stay Safe Play From Home 142"]
[Site "T#645977Emanuel Laske"]
[Date "2020.05.12"]
[Round "8"]
[White "Lazieri3"]
[Black "rohit2007"]
[Result "0-1"]
[WhiteElo "2105"]
[BlackElo "2237"]
[Annotator "TA"]
[PlyCount "88"]
[EventDate "2020.05.12"]
[EventType "swiss (blitz)"]

{[%evp 9,88,7,5,0,0,-4,-8,-32,-27,-32,-30,-47,57,10,8,10,8,0,0,-29,-9,-15,-10,-37,-25,-35,-7,-68,-39,-51,-41,-45,-46,-51,-32,-47,-46,-56,-10,-24,0,-49,-42,-105,-89,-107,-70,-244,-205,-222,-108,-237,-228,-327,-327,-306,-318,-305,349,335,429,52,460,363,492,372,469,329,446,372,530,530,553,551,537,472,710,708,637,493,403]} 1. e4 c5 2. Nc3 d6 3. d3 e5 4. Nf3 Nf6 5. Bg5 Be7 6. Bxf6 {B23: Closed Sicilian: Lines without g3.} Bxf6 7. Nd5 O-O {[#]} 8. Nxf6+ $146 {The position is equal.} ({Predecessor:} 8. Be2 Nc6 9. c3 Be6 10. Nxf6+ Qxf6 11. Qc2 Rac8 12. O-O Rfd8 13. Rad1 d5 14. Rfe1 {0-1 (69) Qurshubadze,I-Khudiyev,S (1539) Batumi 2016}) 8... Qxf6 9. Qd2 Be6 10. Qg5 d5 (10... Qd8 $15) 11. Qxf6 (11. Qxe5 {feels hotter.} Qd8 12. Ng5 Kh8 13. O-O-O Nc6 14. Qg3) 11... gxf6 12. exd5 Bxd5 13. Be2 Nc6 14. O-O b6 15. c3 Rad8 16. Rfd1 Ne7 17. Ne1 Ng6 18. Bf3 ({White should play} 18. d4 $11) 18... Be6 19. Be4 f5 20. Bf3 Nf4 21. g3 Ng6 22. Rd2 Kg7 23. Rad1 Kf6 24. d4 e4 25. Bh5 cxd4 26. Bxg6 (26. Rxd4 $15 Rxd4 27. Rxd4) 26... fxg6 27. cxd4 Bxa2 28. d5 $2 (28. Ra1 $15 Bc4 29. Rxa7) 28... Rd6 29. f3 e3 (29... Bb3 $19 {has better winning chances.} 30. Ra1 a5 31. fxe4 fxe4) 30. Rd4 {[#]} (30. Rd3 $17 {might work better.} Bc4 31. Rxe3) 30... Rfd8 $1 $19 31. Nc2 (31. Ra1 $142 Rxd5 32. Rxd5 Bxd5 33. Rxa7) 31... Bb3 ({Weaker is} 31... Bxd5 32. Nxe3 Ke5 33. g4 $17) ({Not} 31... Rxd5 32. Rxd5 Rxd5 33. Rxd5 $17) 32. Nxe3 Bxd1 33. Rxd1 Rxd5 $4 {[%mdl 8192]} (33... a5 $19 {avoids the disaster. And now ...Rc8 would win.} 34. Rc1 g5) 34. Nxd5+ {[%mdl 4096] Endgame KRN-KR} Ke5 35. Nc3 $2 (35. f4+ $18 Ke6 36. Nc7+ {[%mdl 64] Discovered Attack} Ke7 37. Rxd8 Kxd8 38. Nd5) 35... Rc8 $2 {[%mdl 8192]} (35... Rxd1+ $14 36. Nxd1 Kd4) 36. Re1+ Kf6 37. f4 a6 38. Re2 b5 39. Kf2 b4 (39... Kf7 $142 40. Nd5 Rd8) 40. Nd5+ $18 {[%mdl 64] [#] Double Attack. White is clearly winning.} Kf7 41. Nxb4 a5 42. Nd5 a4 (42... Rc5 $142 43. Nb6 Kg7) 43. Re7+ Kf8 44. Ra7 Rc2+ {[%mdl 32768] White used his chance. Accuracy: White = 50%, Black = 38%. . Loss on time!?} 0-1

[Event "Stay Safe Play From Home 142"]
[Site "T#645977Emanuel Laske"]
[Date "2020.05.12"]
[Round "8"]
[White "CastlingArrocco"]
[Black "Onlyforchess"]
[Result "0-1"]
[WhiteElo "2018"]
[BlackElo "2556"]
[Annotator "TA"]
[PlyCount "98"]
[EventDate "2020.05.12"]
[EventType "swiss (blitz)"]

{[%evp 9,98,-23,-23,-28,0,-18,-19,-16,-24,-32,-8,0,0,0,133,131,138,131,128,126,235,112,171,134,261,261,252,252,376,376,376,375,428,424,518,474,466,465,485,464,521,493,477,446,441,443,493,504,569,544,614,570,29967,29969,5397,836,1136,-158,-173,-211,-201,-285,-280,-285,-268,-229,-222,-222,-222,-486,-121,-497,-454,-490,-285,-446,-445,-445,-366,-316,0,0,0,0,0,-91,-91,-29986,-29987,-29992,-29993]} 1. d4 c5 2. e3 cxd4 3. exd4 d5 4. c3 Nf6 5. f4 Nc6 6. Nf3 {B13: Caro-Kann: Exchange Variation and Panov-Botvinnik Attack.} Bg4 7. Be2 e6 8. Ne5 {The position is equal.} Bxe2 9. Qxe2 Ne4 {Threatening ...Qh4+.} 10. O-O Bd6 11. Nd2 {[#]} Bxe5 $146 (11... Nf6 $11) ({Predecessor:} 11... Nxd2 12. Bxd2 O-O 13. Rae1 Qc7 14. Rf3 Rae8 15. Rh3 g6 16. Qg4 f5 17. Qg3 Bxe5 18. fxe5 {½-½ (61) Matikainen,O-Julkunen,T Finland 2003}) 12. fxe5 $16 Nxd2 13. Bxd2 Qe7 14. Qg4 $36 {[%mdl 2048] White has strong initiative.} g6 {[#]} (14... Qf8 $16 15. Rf2 Rc8) 15. Bg5 (15. Bh6 $1 $18 {and White stays clearly on top.}) 15... Qd7 (15... h5 $16 {is a better defense.}) 16. Rf6 O-O-O (16... h6 $16) 17. Raf1 $18 Rdf8 18. Bh6 Nd8 (18... Re8 $142 19. Rxf7 Re7) 19. Bxf8 Rxf8 20. Qg5 b5 21. Qh6 Re8 22. Qg7 Re7 23. Qxh7 a5 24. Qg7 Qb7 25. Qf8 Rc7 26. Qd6 b4 27. cxb4 axb4 28. h4 Rc6 29. Qf8 b3 30. Rxf7 Qxf7 31. Rxf7 bxa2 32. Qa3 {[%cal Ra3a8]} Rc1+ 33. Kh2 $2 (33. Rf1 $18 a1=Q 34. Qxa1 Rxa1 35. Rxa1) 33... a1=Q $17 34. Qxa1 Rxa1 $19 {[%mdl 4096] Endgame KRN-KR} 35. Rf8 (35. Rg7 $142 Ra4 36. Rxg6) 35... Kd7 36. g4 Ke7 37. Rg8 Rb1 38. Kg3 Rxb2 39. Kf4 $2 (39. Rxg6 Rb3+ 40. Kg2) 39... Nf7 $2 (39... Rd2 $19 {is more deadly.} 40. Rg7+ Nf7) 40. Rg7 $2 {[%mdl 8192]} (40. Rxg6 $17 {nothing else works.} Rh2 41. h5) 40... Rf2+ 41. Kg3 Re2 (41... Rd2 $142 42. Rxg6 Rxd4) 42. h5 (42. Rxg6 {keeps fighting.} Rd2 43. h5 Rd3+ 44. Kg2 Rxd4 45. h6 Nxh6 {[%mdl 64] Deflection} 46. Rxh6 Rxg4+ 47. Kf3) 42... gxh5 43. gxh5 {intending h6.} Kf8 44. Rg6 {[#]} Re4 $2 (44... Re3+ $1 $19 45. Kf2 Re4) 45. h6 $11 Rxd4 {And now ...Re4 would win.} 46. h7 $1 Rd1 {( -> ...Rg1+)} 47. Rg8+ (47. Kg2 $11 {remains equal.}) 47... Ke7 $17 {...Rh1 is the strong threat.} 48. Rg7 $2 {[%mdl 8192]} (48. Kf2 $17) 48... Rg1+ 49. Kh4 Rxg7 {Quite a comeback for Black. Accuracy: White = 51%, Black = 45%.} 0-1

[Event "Stay Safe Play From Home 142"]
[Site "T#645977Emanuel Laske"]
[Date "2020.05.12"]
[Round "8"]
[White "Nagaram"]
[Black "matanant"]
[Result "1-0"]
[WhiteElo "1490"]
[BlackElo "1560"]
[Annotator "NA RC"]
[PlyCount "73"]
[EventDate "2020.05.12"]
[EventType "swiss (blitz)"]

1. e4 {[%emt 0:00:01]} e5 {[%emt 0:00:02]} 2. Nf3 {[%emt 0:00:01]} d5 {[%emt 0:00:03]} 3. exd5 {[%emt 0:00:01]} e4 {[%emt 0:00:01]} 4. Qe2 {[%emt 0:00:02]} Nf6 {[%emt 0:00:03]} 5. d3 {[%emt 0:00:01]} Qxd5 {[%emt 0:00:02]} 6. Nc3 {[%emt 0:00:03]} Bb4 {[%emt 0:00:02]} 7. Bd2 {[%emt 0:00:02]} Bxc3 {[%emt 0:00:04]} 8. Bxc3 {[%emt 0:00:01]} O-O {[%emt 0:00:00]} 9. dxe4 {[%emt 0:00:02]} Nxe4 {[%emt 0:00:04]} 10. Rd1 {[%emt 0:00:03]} Nxc3 {[%emt 0:00:03]} 11. Rxd5 {[%emt 0:00:01]} Nxe2 {[%emt 0:00:02]} 12. Bxe2 {[%emt 0:00:01]} Be6 {[%emt 0:00:00]} 13. Rd3 {[%emt 0:00:03]} Re8 {[%emt 0:00:04]} 14. O-O {[%emt 0:00:01]} Bc4 {[%emt 0:00:01]} 15. Rd7 {[%emt 0:00:04]} Bxe2 {[%emt 0:00:02]} 16. Re1 {[%emt 0:00:01]} Na6 {[%emt 0:00:02]} 17. Rd2 {[%emt 0:00:01]} Bxf3 {[%emt 0:00:02]} 18. Rxe8+ {[%emt 0:00:03]} Rxe8 {[%emt 0:00:00]} 19. gxf3 {[%emt 0:00:01]} c6 {[%emt 0:00:02]} 20. Rd7 {[%emt 0:00:02]} Nc5 {[%emt 0:00:02]} 21. Rd6 {[%emt 0:00:03]} Kf8 {[%emt 0:00:02]} 22. Kg2 {[%emt 0:00:01]} Ke7 {[%emt 0:00:03]} 23. Rd4 {[%emt 0:00:02]} Ne6 {[%emt 0:00:01]} 24. Re4 {[%emt 0:00:01]} f5 {[%emt 0:00:01]} 25. Rf4 {[%emt 0:00:01]} Kf6 {[%emt 0:00:01]} 26. Rb4 {[%emt 0:00:01]} b6 {[%emt 0:00:01]} 27. Rc4 {[%emt 0:00:01]} c5 {[%emt 0:00:01]} 28. Rc3 {[%emt 0:00:01]} Rd8 {[%emt 0:00:02]} 29. Ra3 {[%emt 0:00:00]} a5 {[%emt 0:00:01]} 30. Rb3 {[%emt 0:00:00]} Rd6 {[%emt 0:00:00]} 31. a4 {[%emt 0:00:02]} g5 {[%emt 0:00:01]} 32. Rc3 {[%emt 0:00:01]} Nf4+ {[%emt 0:00:00]} 33. Kg3 {[%emt 0:00:01]} Ne2+ {[%emt 0:00:01]} 34. Kh3 {[%emt 0:00:02]} Nxc3 {[%emt 0:00:00]} 35. f4 {[%emt 0:00:01]} Rd2 {[%emt 0:00:00]} 36. Kg2 {[%emt 0:00:00]} Rxc2 {[%emt 0:00:00]} 37. fxg5+ {[%emt 0:00:00] Time (Lag: Av=0.78s, max=1.5s)} 1-0

[Event "Stay Safe Play From Home 142"]
[Site "T#645977Emanuel Laske"]
[Date "2020.05.12"]
[Round "8"]
[White "Tobo Rubirosa"]
[Black "Trotsky"]
[Result "0-1"]
[WhiteElo "1408"]
[BlackElo "1579"]
[Annotator "NA RC"]
[PlyCount "76"]
[EventDate "2020.05.12"]
[EventType "swiss (blitz)"]

1. e4 {[%emt 0:00:05]} c5 {[%emt 0:00:01]} 2. Nf3 {[%emt 0:00:01]} e6 {[%emt 0:00:00]} 3. d4 {[%emt 0:00:01]} d5 {[%emt 0:00:01]} 4. exd5 {[%emt 0:00:02]} exd5 {[%emt 0:00:01]} 5. dxc5 {[%emt 0:00:01]} Bxc5 {[%emt 0:00:01]} 6. Bb5+ {[%emt 0:00:01]} Nc6 {[%emt 0:00:02]} 7. O-O {[%emt 0:00:02]} Be6 {[%emt 0:00:01]} 8. Ne5 {[%emt 0:00:01]} Qc7 {[%emt 0:00:01]} 9. Bf4 {[%emt 0:00:05]} O-O-O {[%emt 0:00:02]} 10. Nxc6 {[%emt 0:00:02]} Bd6 {[%emt 0:00:01]} 11. Nxd8 {[%emt 0:00:02]} Bxf4 {[%emt 0:00:02]} 12. Nxe6 {[%emt 0:00:03]} fxe6 {[%emt 0:00:01]} 13. Qg4 {[%emt 0:00:02]} Qd6 {[%emt 0:00:05]} 14. Nc3 {[%emt 0:00:03]} Nf6 {[%emt 0:00:01]} 15. Rad1 {[%emt 0:00:02]} h5 {[%emt 0:00:02]} 16. Nxd5 {[%emt 0:00:02]} Nxg4 {[%emt 0:00:01]} 17. Nxf4 {[%emt 0:00:03]} Qxf4 {[%emt 0:00:02]} 18. g3 {[%emt 0:00:02]} Qc7 {[%emt 0:00:06]} 19. Rd4 {[%emt 0:00:03]} h4 {[%emt 0:00:02]} 20. Rc4 {[%emt 0:00:01]} Qxc4 {[%emt 0:00:01]} 21. Bxc4 {[%emt 0:00:01]} hxg3 {[%emt 0:00:01]} 22. Bxe6+ {[%emt 0:00:01]} Kc7 {[%emt 0:00:02]} 23. Bxg4 {[%emt 0:00:00]} gxh2+ {[%emt 0:00:01]} 24. Kh1 {[%emt 0:00:01]} Rh4 {[%emt 0:00:01]} 25. f3 {[%emt 0:00:01]} g5 {[%emt 0:00:02]} 26. Rf2 {[%emt 0:00:00]} Rh6 {[%emt 0:00:02]} 27. Rxh2 {[%emt 0:00:01]} Rd6 {[%emt 0:00:01]} 28. Rh7+ {[%emt 0:00:01]} Kb6 {[%emt 0:00:02]} 29. Rh5 {[%emt 0:00:01]} Rd2 {[%emt 0:00:01]} 30. Rxg5 {[%emt 0:00:01]} Rxc2 {[%emt 0:00:01]} 31. Rg6+ {[%emt 0:00:01]} Kc7 {[%emt 0:00:01]} 32. b3 {[%emt 0:00:01]} Rf2 {[%emt 0:00:01]} 33. Be6 {[%emt 0:00:01]} Rf1+ {[%emt 0:00:01]} 34. Kg2 {[%emt 0:00:03]} Re1 {[%emt 0:00:01]} 35. Rg7+ {[%emt 0:00:01]} Kd8 {[%emt 0:00:01]} 36. Rd7+ {[%emt 0:00:01]} Ke8 {[%emt 0:00:02]} 37. Rxb7 {[%emt 0:00:00]} Rxe6 {[%emt 0:00:02]} 38. Rxa7 {[%emt 0:00:00]} Rg6+ {[%emt 0:00:01] Tiempo (Lag: Av=0.56s, max=1.3s) .} 0-1